000 00710nam a2200265Ia 4500
003 OSt
005 20220918213948.0
006 a|||||r|||| 00| 0
007 ta
008 220917b |||||||| |||| 00| 0 eng d
024 _a135,253
037 _cTextual
040 _aARTS
_cARTS
_beng
041 _2eng
_aeng
082 _aX4:8M:(B), L2
100 _aJohns P B
_9129299
245 0 _aCommunications systems analysis
260 _aLondon
_bButterworths
_c1972
300 _a207p. illus
_ccm.
500 _aAppendix p190-202
650 _aECONOMICS
700 _a Rowbotham T R
_9129300
942 _hX4:8M:(B), L2
_cTEXL
_2CC
999 _c258350
_d258350